Hauptstädte der US-Bundesstaaten - Statistiken

Allgemein
  • Dieses Quiz wurde 701 mal gespielt
  • Das Durchschnittsergebnis liegt bei 27 aus 50
Antwortstatistiken
Hint Antwort % Korrekt
Texas Austin
84%
Kalifornien Sacramento
76%
Georgia Atlanta
75%
Massachusetts Boston
74%
Colorado Denver
72%
Indiana Indianapolis
71%
Oklahoma Oklahoma City
68%
Arizona Phoenix
67%
New York Albany
65%
Idaho Boise
64%
Hawaii Honolulu
64%
Kentucky Frankfort
62%
Montana Helena
61%
New Mexico Santa Fe
60%
Washington Olympia
59%
Utah Salt Lake City
58%
Ohio Columbus
57%
Mississippi Jackson
56%
Florida Tallahassee
56%
Arkansas Little Rock
55%
Louisiana Baton Rouge
54%
North Carolina Raleigh
54%
Alaska Juneau
53%
Kansas Topeka
53%
North Dakota Bismarck
52%
Nebraska Lincoln
52%
Iowa Des Moines
51%
Pennsylvania Harrisburg
51%
Minnesota Saint Paul
51%
Oregon Salem
51%
Wyoming Cheyenne
50%
South Dakota Pierre
50%
Virginia Richmond
50%
South Carolina Columbia
49%
Alabama Montgomery
49%
Missouri Jefferson City
48%
Michigan Lansing
48%
Tennessee Nashville
48%
Delaware Dover
47%
Connecticut Hartford
47%
Illinois Springfield
47%
New Jersey Trenton
46%
Nevada Carson City
45%
West Virginia Charleston
43%
Maryland Annapolis
42%
Maine Augusta
41%
New Hampshire Concord
40%
Vermont Montpelier
40%
Wisconsin Madison
39%
Rhode Island Providence
39%
Keine übereinstimmenden Quizze gefunden
Verteilung der Resultate
Anzahl Personen mit jedem Resultat
Perzentil nach korrekt beantworteten Fragen
Ihre Resultats-Entwicklung
Sie haben dieses Quiz noch nicht gespielt